000 00748nam a2200217 a 4500
001 46750
003 BD-RjUL
005 20211209054211.0
008 180507s2016 bg a 001 0 eng d
020 _a9789845190305
_c: Complimentary
035 _a(BD-RjUL)46869
040 _aBD-RjUL
_cBD-RjUL
_dBD-RjUL
_beng
041 _aeng
082 _223
_aRA 330.954923021
_bLAK 2016
110 1 _aBangladesh Bureau of Statistics (BBS)
_9221357
245 1 0 _aEconomic Census 2013, District Report:
_bLakshmipur /
_cBangladesh Bureau of Statistics (BBS)
260 _aDhaka:
_bBBS,
_c2016
300 _axxvii, 454 p. :
_bIll. ;
_c28 cm.
650 _aBangladesh
_zLakshmipur
_xEconomic conditions
_y21st century
_vStatistics
_9221358
942 _2ddc
_cRAR
999 _c46750
_d46750